000 00459nam a2200169 4500
003 SEACOMEC
005 20250927122412.0
008 250125b |||||||| |||| 00| 0 eng d
020 _a978-8182090293
_c300.00
040 _aSEACOMEC
082 _a005.74
_bL579
100 _aAlexis ,Leon
245 _aFundamentals of Database Management Systems
_cLeon Alexis and Leon Mathews
260 _aU.P
_bMcGraw Hill
_c2006
700 _aMathews, Leon
942 _cBOOK
999 _c1971
_d1971